书目信息 |
| 题名: |
府衙古影
|
|
| 作者: | 肖东发 主编 ;赵一帆 编著 | |
| 分册: | ||
| 出版信息: | 北京 现代出版社 2015 |
|
| 页数: | 164页 | |
| 开本: | 24cm | |
| 丛书名: | 中华精神家园 | |
| 单 册: | ||
| 中图分类: | K928.71 | |
| 科图分类: | ||
| 主题词: | 地方政府--行政建筑--古建筑--介绍--中国 | |
| 电子资源: | ||
| ISBN: | 978-7-5143-2295-8 | |
| 000 | 01096oam2 2200289 450 | |
| 001 | 012001002594 | |
| 005 | 20140926114740.0 | |
| 010 | @a978-7-5143-2295-8@dCNY29.80 | |
| 100 | @a20151101d2015 em y0chiy50 ea | |
| 101 | 0 | @achi |
| 102 | @aCN@b110000 | |
| 105 | @aa z 000yy | |
| 106 | @ar | |
| 200 | 1 | @a府衙古影@9fu ya gu ying@e古代府衙的历史遗风@f肖东发主编@g赵一帆编著 |
| 210 | @a北京@c现代出版社@d2015 | |
| 215 | @a164页@c图@d24cm | |
| 225 | 2 | @a中华精神家园@i建筑古蕴 |
| 330 | @a本书主要指古代府衙的历史遗风。包括直隶总督署潞安府衙淮安府衙南阳府衙霍州署内乡县衙,其中图文并茂,图解图注,形象直观,赏心悦目,彩色制作,丰富多彩,设计精美,格调高雅,非常适合广大读者阅读和珍藏,也非常适合各级图书馆装备和陈列。 | |
| 461 | 0 | @12001 @a中华精神家园 |
| 462 | 0 | @12001 @a建筑古蕴 |
| 517 | 1 | @a古代府衙的历史遗风@9gu dai fu ya de li shi yi feng |
| 606 | 0 | @a地方政府@x行政建筑@x古建筑@x介绍@y中国 |
| 690 | @aK928.71@v5 | |
| 701 | 0 | @a肖东发@9xiao dong fa@4主编 |
| 702 | 0 | @a赵一帆@9zhao yi fan@4编著 |
| 801 | 0 | @aCN@b上海新华@c20180901 |
| 905 | @b1158280-4@dK928.71@e1105@f5 | |
| 府衙古影:古代府衙的历史遗风/肖东发主编/赵一帆编著.-北京:现代出版社,2015 |
| 164页:图;24cm.-(中华精神家园.建筑古蕴) |
| ISBN 978-7-5143-2295-8:CNY29.80 |
| 本书主要指古代府衙的历史遗风。包括直隶总督署潞安府衙淮安府衙南阳府衙霍州署内乡县衙,其中图文并茂,图解图注,形象直观,赏心悦目,彩色制作,丰富多彩,设计精美,格调高雅,非常适合广大读者阅读和珍藏,也非常适合各级图书馆装备和陈列。 |
| ● |
| 相关链接 |
|
|
|
|
正题名:府衙古影
索取号:K928.71/1105
 
预约/预借
| 序号 | 登录号 | 条形码 | 馆藏地/架位号 | 状态 | 备注 |
| 1 | 1158280 | 211582802 | 第二样本阅览室/ [索取号:K928.71/1105] | 在馆 | |
| 2 | 1158281 | 211582811 | 第二借阅区/ [索取号:K928.71/1105] | 在馆 | |
| 3 | 1158282 | 211582820 | 第二借阅区/ [索取号:K928.71/1105] | 在馆 | |
| 4 | 1158283 | 211582839 | 第二借阅区/ [索取号:K928.71/1105] | 在馆 | |
| 5 | 1158284 | 211582848 | 密集书库-史法系/ [索取号:K928.71/1105] | 在馆 |